Statystyki dla Państwa graniczące z Brazylią.

Kliknij tutaj aby rozwiązać quiz!

Ogólne statystyki

  • Ten quiz został rozwiązany 63 razy
  • Średni wynik to 8 z 10

Statystyki odpowiedzi

HintOdpowiedź% Poprawnych
1644 kmKolumbia
93%
1261 kmArgentyna
91%
1069 kmUrugwaj
91%
3423 kmBoliwia
89%
2199 kmWenezuela
88%
1366 kmParagwaj
82%
2995 kmPeru
82%
593 kmSurinam
82%
1606 kmGujana
80%
730 kmFrancja
66%

Rozkład punktacji

Percentyl według liczby udzielonych odpowiedzi

Procent ludzi z każdym wynikiem

Twoja historia wyników

Nie rozwiązałeś tego quizu